<?xml version="1.0" encoding="UTF-8"?>
<collection xmlns="http://www.loc.gov/MARC21/slim">
 <record>
  <leader>04159nam a2200325 a 4500</leader>
  <controlfield tag="001">kal3011</controlfield>
  <controlfield tag="003">Gr-AtHEAL</controlfield>
  <controlfield tag="005">20160506141456.0</controlfield>
  <controlfield tag="006">m        d        </controlfield>
  <controlfield tag="008">160413s2015    gr      s           gre|c</controlfield>
  <datafield tag="020" ind1=" " ind2=" ">
   <subfield code="a">9789606034046</subfield>
  </datafield>
  <datafield tag="040" ind1=" " ind2=" ">
   <subfield code="a">GR-AtHEAL</subfield>
   <subfield code="b">gre</subfield>
   <subfield code="c">GR-AtHEAL</subfield>
  </datafield>
  <datafield tag="082" ind1="0" ind2="4">
   <subfield code="a">683.8</subfield>
   <subfield code="2">23</subfield>
  </datafield>
  <datafield tag="100" ind1="1" ind2=" ">
   <subfield code="a">Αμπελιώτης, Κωνσταντίνος.</subfield>
   <subfield code="8">280</subfield>
  </datafield>
  <datafield tag="245" ind1="1" ind2="0">
   <subfield code="a">Οικιακή τεχνολογία</subfield>
   <subfield code="h">[Ηλεκτρονικός πόρος] </subfield>
   <subfield code="c">Αμπελιώτης, Κωνσταντίνος ;  Σδράλη, Δέσποινα ;  Κριτικός αναγνώστης,Γκούσια, Μαρία ;  Γραφιστική και Τεχνική επιμέλεια, Μποζιονέλος, Γαβριήλ ; Γλωσσική επιμέλεια,Τσιαδήμου, Αναστασία.</subfield>
  </datafield>
  <datafield tag="260" ind1=" " ind2=" ">
   <subfield code="a">Αθήνα :</subfield>
   <subfield code="b">Σύνδεσμος Ελληνικών Ακαδημαϊκών Βιβλιοθηκών,</subfield>
   <subfield code="c">c2015.</subfield>
  </datafield>
  <datafield tag="490" ind1=" " ind2=" ">
   <subfield code="a">Ακαδημαϊκά Ηλεκτρονικά Συγγράμματα και Βοηθήματα Κάλλιπος</subfield>
   <subfield code="8">40</subfield>
  </datafield>
  <datafield tag="505" ind1="0" ind2=" ">
   <subfield code="a">Κεφάλαιο 1. Εισαγωγή στην Οικιακή ΤεχνολογίαΚεφάλαιο 2. Παραγωγή ηλεκτρικής ενέργειας στην ΕλλάδαΚεφάλαιο 3. ΜαγείρεμαΚεφάλαιο 4. Το πλύσιμο των ρούχων Κεφάλαιο 5. Πλύσιμο των πιάτωνΚεφάλαιο 6. Οικιακά ψυγεία Κεφάλαιο 7. Παραγωγή ζεστού νερού χρήσης Κεφάλαιο 8. Απόβλητα ηλεκτρικού και ηλεκτρονικού εξοπλισμού (ΑΗΗΕ) Κεφάλαιο 9. Οι κοινωνικές επιπτώσεις της Οικιακής ΤεχνολογίαςΚεφάλαιο 10. Το σπίτι του μέλλοντος</subfield>
  </datafield>
  <datafield tag="520" ind1=" " ind2=" ">
   <subfield code="a">Το βιβλίο πραγματεύεται το αντικείμενο τη Οικιακής Τεχνολογίας. Η μελέτη της Οικιακής Τεχνολογίας αποτελεί αναπόσπαστο τμήμα του σύγχρονου προγράμματος σπουδών της Οικιακής Οικονομίας και Οικολογίας καθώς συνδέεται άμεσα με τη βιωσιμότητα. Η Οικιακή Τεχνολογία εξετάζει τις επιπτώσεις της χρήσης των οικιακών ηλεκτρικών συσκευών υπό το πρίσμα της βιωσιμότητας. Στόχοι του βιβλίου είναι: α) η γνωριμία με το ενεργειακό σύστημα της Ελλάδας, β) η αναγνώριση των περιβαλλοντικών επιβαρύνσεων που προκαλεί η οικιακή τεχνολογία, γ) η μελέτη των αρχών λειτουργίας των οικιακών συσκευών, δ) η παρουσίαση πρακτικών μέτρων πρόληψης της ρύπανσης και εξοικονόμησης ενέργειας μέσω της ορθολογικής χρήσης των οικιακών συσκευών, ε) η μελέτη των κοινωνικών επιπτώσεων που προκύπτουν από την Οικιακή Τεχνολογία.</subfield>
  </datafield>
  <datafield tag="650" ind1=" " ind2="0">
   <subfield code="a">Household appliances.</subfield>
   <subfield code="8">2833</subfield>
  </datafield>
  <datafield tag="653" ind1=" " ind2=" ">
   <subfield code="a">Οικιακή τεχνολογία</subfield>
  </datafield>
  <datafield tag="653" ind1=" " ind2=" ">
   <subfield code="a">Τεχνολογία και επιστήμες μηχανικών</subfield>
  </datafield>
  <datafield tag="700" ind1="1" ind2=" ">
   <subfield code="a">Σδράλη, Δέσποινα</subfield>
   <subfield code="e">Συγγραφέας</subfield>
   <subfield code="8">291</subfield>
  </datafield>
  <datafield tag="700" ind1="1" ind2=" ">
   <subfield code="a">Γκούσια, Μαρία</subfield>
   <subfield code="e">Κριτικός Αναγνώστης</subfield>
   <subfield code="8">292</subfield>
  </datafield>
  <datafield tag="700" ind1="1" ind2=" ">
   <subfield code="a">ΓΚΟΥΣΙΑ, MΑΡΙΑ</subfield>
   <subfield code="e">Κριτικός αναγνώστης</subfield>
   <subfield code="8">283</subfield>
  </datafield>
  <datafield tag="856" ind1="4" ind2="0">
   <subfield code="u">http://hdl.handle.net/11419/3011</subfield>
   <subfield code="z">Πλήρες Κείμενο - Full text</subfield>
  </datafield>
  <datafield tag="907" ind1=" " ind2=" ">
   <subfield code="a">.b25681023</subfield>
   <subfield code="b">12-06-18</subfield>
   <subfield code="c">29-07-16</subfield>
  </datafield>
  <datafield tag="949" ind1=" " ind2=" ">
   <subfield code="0">0</subfield>
   <subfield code="1">0</subfield>
   <subfield code="2">ddc</subfield>
   <subfield code="4">0</subfield>
   <subfield code="6">683_800000000000000_ΑΜΠ</subfield>
   <subfield code="7">0</subfield>
   <subfield code="8">KALL</subfield>
   <subfield code="8">861</subfield>
   <subfield code="d">2016-04-13</subfield>
   <subfield code="r">2016-04-13</subfield>
   <subfield code="w">2016-04-13</subfield>
   <subfield code="z">683.8 ΑΜΠ</subfield>
   <subfield code="o">SEAB KALLIPOS</subfield>
  </datafield>
  <datafield tag="998" ind1=" " ind2=" ">
   <subfield code="a">80</subfield>
   <subfield code="a">01</subfield>
   <subfield code="a">02</subfield>
   <subfield code="a">03</subfield>
   <subfield code="a">04</subfield>
   <subfield code="a">05</subfield>
   <subfield code="a">06</subfield>
   <subfield code="a">07</subfield>
   <subfield code="a">08</subfield>
   <subfield code="a">09</subfield>
   <subfield code="a">10</subfield>
   <subfield code="a">11</subfield>
   <subfield code="a">12</subfield>
   <subfield code="a">13</subfield>
   <subfield code="a">14</subfield>
   <subfield code="a">15</subfield>
   <subfield code="a">16</subfield>
   <subfield code="a">17</subfield>
   <subfield code="a">18</subfield>
   <subfield code="a">19</subfield>
   <subfield code="a">20</subfield>
   <subfield code="a">21</subfield>
   <subfield code="a">22</subfield>
   <subfield code="a">23</subfield>
   <subfield code="a">24</subfield>
   <subfield code="a">25</subfield>
   <subfield code="a">26</subfield>
   <subfield code="b">22-05-17</subfield>
   <subfield code="c">m</subfield>
   <subfield code="d">z  </subfield>
   <subfield code="e">-</subfield>
   <subfield code="f">gre</subfield>
   <subfield code="g">gr </subfield>
   <subfield code="h">0</subfield>
  </datafield>
  <datafield tag="942" ind1=" " ind2=" ">
   <subfield code="2">ddc</subfield>
   <subfield code="c">KALLIPOS</subfield>
  </datafield>
 </record>
</collection>
